Biggest Cities in South America (except Brazil) Map Quiz - Statistics

General Stats
  • This quiz has been taken 99 times
  • The average score is 13 of 15
Answers on the Map
Answers color-coded by a green-red scale on the quiz's map according to % correct below.
 
Answer Stats
Pop Cities % Correct
7.9 mil Bogota
100%
3.3 mil Caracas
100%
3.1 mil Buenos Aires
99%
8.9 mil Lima
99%
1.4 mil Montevideo
99%
5.5 mil Santiago
99%
2.5 mil Quito
97%
2.4 mil Medellin
91%
2.6 mil Guayaquil
87%
1.4 mil Cordoba
83%
2.3 mil Cali
82%
1.6 mil Santa Cruz
73%
1.2 mil Barranquilla
70%
1.7 mil Maracaibo
61%
1.1 mil Barquisimeto
28%
No matching quizzes found
Score Distribution
Percent of People with Each Score
Percentile by Number Answered
Your Score History
You have not taken this quiz